000 00321nam a22001457a 4500
008 230616b ||||| |||| 00| 0 eng d
020 _a9780134418049
041 _aeng
080 _2SIXTH EDITION
_a51
082 _a51ROC
100 _a23
101 _aMATE
245 _aCOLLEGE AGEBRA
_cROCKSWOLD
942 _2udc
_cBK
999 _c59996
_d59996